[Event "Olympiad Women-45"]
[Site "Budapest"]
[Date "2024.09.13"]
[Round "3.67"]
[White "Munthazim, Aini"]
[Black "Mutisya, Julie"]
[Result "0-1"]
[WhiteElo "1536"]
[BlackElo "1750"]
[PlyCount "44"]
[EventDate "2024.09.11"]
[EventType "team-swiss"]
[EventRounds "11"]
[EventCountry "HUN"]
[SourceTitle "EXT 2025"]
[Source "ChessBase"]
[SourceDate "2024.10.14"]
[SourceVersion "1"]
[SourceVersionDate "2024.10.14"]
[SourceQuality "1"]
[WhiteTeam "Maldives (W)"]
[BlackTeam "Kenya (W)"]
[WhiteTeamCountry "MDV"]
[BlackTeamCountry "KEN"]

1. e4 d6 2. d4 Nf6 3. Nc3 g6 4. Be3 c6 5. h3 Nbd7 6. f4 Qa5 7. Qd2 e5 8. 0-0-0 Bg7 9. Nf3 0-0 10. g4 exd4 11. Bxd4 b5 12. Bxf6 Nxf6 13. Qxd6 b4 14. Ne2 Nxe4 15. Qxc6 Bxb2+ 16. Kxb2 Qa3+ 17. Kb1 Nc3+ 18. Nxc3 bxc3 19. Qb5 Be6 20. Rd7 Bxa2+ 21. Ka1 Bb3+ 22. Kb1 Qb2# 0-1

[Event "Olympiad Women-45"]
[Site "Budapest"]
[Date "2024.09.12"]
[Round "2.63"]
[White "Munthazim, Aini"]
[Black "Gamha, Yasmine"]
[Result "0-1"]
[WhiteElo "1536"]
[BlackElo "1679"]
[PlyCount "60"]
[EventDate "2024.09.11"]
[EventType "team-swiss"]
[EventRounds "11"]
[EventCountry "HUN"]
[SourceTitle "EXT 2025"]
[Source "ChessBase"]
[SourceDate "2024.10.14"]
[SourceVersion "1"]
[SourceVersionDate "2024.10.14"]
[SourceQuality "1"]
[WhiteTeam "Maldives (W)"]
[BlackTeam "Tunisia (W)"]
[WhiteTeamCountry "MDV"]
[BlackTeamCountry "TUN"]

1. e4 c5 2. Nc3 Nc6 3. f4 g6 4. Nf3 Bg7 5. Bc4 e6 6. d3 Nge7 7. Be3 d5 8. exd5 exd5 9. Nxd5 Nxd5 10. Bxd5 Qxd5 11. c3 Bf5 12. d4 cxd4 13. cxd4 0-0 14. h4 Nb4 15. Kf2 Nc2 16. Rc1 Nxe3 17. Kxe3 Qe4+ 18. Kf2 Qxf4 19. d5 Bxb2 20. Rc5 Qb4 21. Rc7 Qb6+ 22. Kf1 Qxc7 23. h5 Qc1 24. Qxc1 Bxc1 25. Kf2 Ba3 26. Ng5 Be7 27. Nf3 Be4 28. Re1 Bc5+ 29. Kg3 Bxd5 30. Re5 Bd6 0-1

[Event "Olympiad Women-45"]
[Site "Budapest"]
[Date "2024.09.11"]
[Round "1.61"]
[White "Munthazim, Aini"]
[Black "Bargan, Victoria"]
[Result "0-1"]
[WhiteElo "1536"]
[BlackElo "1941"]
[PlyCount "124"]
[EventDate "2024.09.11"]
[EventType "team-swiss"]
[EventRounds "11"]
[EventCountry "HUN"]
[SourceTitle "EXT 2025"]
[Source "ChessBase"]
[SourceDate "2024.10.14"]
[SourceVersion "1"]
[SourceVersionDate "2024.10.14"]
[SourceQuality "1"]
[WhiteTeam "Maldives (W)"]
[BlackTeam "Moldova (W)"]
[WhiteTeamCountry "MDV"]
[BlackTeamCountry "MDA"]

1. e4 c6 2. d4 d5 3. exd5 cxd5 4. Nf3 Nc6 5. c4 Nf6 6. Nc3 e6 7. cxd5 Nxd5 8. Bb5 Bb4 9. Bd2 0-0 10. 0-0 Be7 11. Re1 a6 12. Bc4 Nb6 13. Bf1 Nxd4 14. Nxd4 Qxd4 15. Be3 Qxd1 16. Raxd1 Nd7 17. Rd2 Nf6 18. g3 Bd7 19. Bg2 Bc6 20. f3 Rad8 21. Rc2 Rd7 22. Ne2 Nd5 23. Bd2 Nb4 24. Bxb4 Bxb4 25. Rec1 Bd2 26. Rf1 Be3+ 27. Kh1 Bb5 28. Re1 Bd3 29. Rc3 Bd2 30. Rxd3 Rxd3 31. Rd1 Rfd8 32. f4 b6 33. Bf1 R3d6 34. a3 Be3 35. Rxd6 Rxd6 36. Nc3 b5 37. h3 Bc1 38. Ne4 Rd1 39. Kg2 Bxb2 40. Nc5 Bxa3 41. Nxa6 b4 42. Nc5 Rc1 43. Nb3 Rc3 44. Nd4 b3 45. Nb5 Rc2+ 46. Kg1 Bc5+ 47. Kh1 b2 48. Bd3 Rc1+ 49. Kg2 b1Q 50. Bxb1 Rxb1 51. Nc3 Rb2+ 52. Kf1 f6 53. Na4 Rc2 54. Nxc5 Rxc5 55. Kf2 Rc3 56. h4 e5 57. fxe5 fxe5 58. g4 e4 59. Ke2 Kf7 60. Kd2 Rd3+ 61. Ke2 Ke6 62. g5 Kf5 0-1